000 00622nam a2200229 i 4500
001 bgj
100 1 _aBERADT, Martin
_d(1881-1949)
245 1 0 _aDie Verfolgten :
_bNovellen /
_cMartin Beradt ; Mit einem Nachwort von Ingrid Kreuzer.
260 _aKönigstein/Ts. :
_bScriptor,
_c1979.
300 _a303 S. ;
_c23 cm.
490 1 _aReihe Q ;
_vBand 9
650 9 _aDeutsche Literatur
655 _aNovellen
700 1 _aKREUZER, Ingrid
830 _aReihe Q ;
020 _a3589207159
040 _cBPK
041 0 _ager
920 _a3-589-20715-9
942 _cKS
008 s gw f |000 0 ger
999 _c50586
_d50586
856 _uhttp://koha.tu.koszalin.pl/cgi-bin/koha/opac-detail.pl?biblionumber=50586
_yKatalog online BPK